000 00736nam a22002292 4500
001 0000024057
005 20151217152255.0
008 130509s xx 000 0 eng d
020 _a0198770413 :
040 _aKABU
_cKABU
100 1 _aSugden, Robert.
_@0000183973
245 1 4 _aThe Principles of practical cost-benefit analysis /
_cRobert Sugden and Alan Williams.
250 _a1st ed.
260 _aOxford :
_bO. U. P.,
_c1978.
300 _axii, 275 p.
650 0 _aCost-effectiveness.
_@0000168276
700 1 _aWilliams, Alan.
_@0000183974
852 1 _9p4550 KES
852 1 _9p4550 KES
908 _a130509
950 _@1
999 _c10158
_d10158